| 000 | 02013nam a2200445 i 4500 | ||
|---|---|---|---|
| 001 | ebr10950073 | ||
| 003 | CaPaEBR | ||
| 006 | m o d | ||
| 007 | cr cn||||||||| | ||
| 008 | 141016t20132013ilu ob 001 0 eng d | ||
| 020 | _z9780875804736 | ||
| 020 | _a9781609090982 (e-book) | ||
| 040 |
_aCaPaEBR _beng _erda _epn _cCaPaEBR |
||
| 035 | _a(OCoLC)879551889 | ||
| 050 | 1 | 4 |
_aBX1805 _b.V446 2013eb |
| 082 | 0 | 4 |
_a262/.13 _223 |
| 100 | 1 |
_aVgenopoulos, Maximos, _eauthor. |
|
| 245 | 1 | 0 |
_aPrimacy in the church from Vatican I to Vatican II : _ban orthodox perspective / _cMaximos Vgenopoulos ; foreword by His All Holiness Ecumenical Patriarch Bartholomew ; Shaun Allshouse, design. |
| 264 | 1 |
_aDeKalb, Illinois : _bNIU Press, _c2013. |
|
| 264 | 4 | _c�2013 | |
| 300 | _a1 online resource (227 pages) | ||
| 336 |
_atext _2rdacontent |
||
| 337 |
_acomputer _2rdamedia |
||
| 338 |
_aonline resource _2rdacarrier |
||
| 504 | _aIncludes bibliographical references and index. | ||
| 588 | _aDescription based on print version record. | ||
| 590 | _aElectronic reproduction. Palo Alto, Calif. : ebrary, 2014. Available via World Wide Web. Access may be limited to ebrary affiliated libraries. | ||
| 610 | 2 | 0 |
_aOrthodox Eastern Church _xRelations _xCatholic Church. |
| 610 | 2 | 0 |
_aCatholic Church _xRelations _xOrthodox Eastern Church. |
| 610 | 2 | 0 |
_aCatholic Church _xDoctrines. |
| 610 | 2 | 0 |
_aOrthodox Eastern Church _xDoctrines. |
| 650 | 0 |
_aPopes _xPrimacy. |
|
| 650 | 0 | _aEpiscopacy. | |
| 655 | 0 | _aElectronic books. | |
| 700 | 1 |
_aBartholomew, Patriarch, _eauthor of introduction, etc. |
|
| 700 | 1 |
_aAllshouse, Shaun, _edesigner. |
|
| 776 | 0 | 8 |
_iPrint version: _aVgenopoulos, Maximos. _tPrimacy in the church from Vatican I to Vatican II : an orthodox perspective. _dDeKalb, Illinois : NIU Press, c2013 _hx, 217 pages _z9780875804736 _w2013012132 |
| 797 | 2 | _aebrary. | |
| 856 | 4 | 0 |
_uhttp://site.ebrary.com/lib/rucke/Doc?id=10950073 _zAn electronic book accessible through the World Wide Web; click to view |
| 999 |
_c4133 _d4133 |
||